000 01361aam a2200325 i 4500
001 768714001
003 CO-MdFUSB
005 20210305124139.0
007 ta
008 200929t1932 nyu |||| |||| 00| 0 eng d
020 _a[No incluye ISBN]
040 _bspa.
_aCO-MdFUSB
_cCO-MdFUSB
_dCO-MdFUSBC
_erda
041 _aeng
082 0 4 _223
_aG 270.1
_bM13h
100 1 _aMcGiffert, Arthur Cushman
_eautor
245 2 _aA history of Christian thought
_b
_c/ Arthur Cushman McGiffert
264 1 _aNew York :
_bCharles Scribner's Sons,
_c[1932]
264 4 _c© 1932
300 _a2 volúmenes
_c; 22 cm
336 _atexto
_btxt
_2rdacontent
337 _2rdamedia
_asin mediación
_bn
338 _2rdacarrier
_avolumen
_bnc
505 _aVolumen 1: Early and eastern from Jesus to John of Damascus - El pensamiento cristiano hasta el tiempo de Ireneo - El pensamiento cristiano en el oriente desde Clemente de Alejandría hasta Juan de Damasco. Volumen 2: The west from Tertullian to Erasmus - El pensamiento cristiano en el occidente desde Tertuliano hasta Gregorio Magno - El pensamiento cristiano en la iglesia occidental de la Edad Media.
563 _aPasta dura
650 1 7 _aIglesia
_9659
_xHistoria
_y(Iglesia primitiva), ca. 0030-0600
650 1 7 _aPadres de la Iglesia
_959
942 _cBK
945 _aJTF-925
999 _c45943
_d45943